<?xml version="1.0" encoding="UTF-8"?>
<record
    xmlns:xsi="http://www.w3.org/2001/XMLSchema-instance"
    xsi:schemaLocation="http://www.loc.gov/MARC21/slim http://www.loc.gov/standards/marcxml/schema/MARC21slim.xsd"
    xmlns="http://www.loc.gov/MARC21/slim">

  <leader>00775nam a22001457a 4500</leader>
  <controlfield tag="003">OSt</controlfield>
  <controlfield tag="005">20160310104040.0</controlfield>
  <controlfield tag="008">160310b        xxu||||| |||| 00| 0 eng d</controlfield>
  <datafield tag="040" ind1=" " ind2=" ">
    <subfield code="c">RUA</subfield>
  </datafield>
  <datafield tag="082" ind1=" " ind2=" ">
    <subfield code="a">LMA  KRO 2014 B467 Or.1</subfield>
  </datafield>
  <datafield tag="100" ind1=" " ind2=" ">
    <subfield code="9">7887</subfield>
    <subfield code="a">KROCH BUNTHOEUN; &#x1780;&#x17D2;&#x179A;&#x17BC;&#x17BC;&#x1785; &#x1794;&#x17CA;&#x17BB;&#x1793;&#x1792;&#x17BF;&#x1793;</subfield>
  </datafield>
  <datafield tag="245" ind1=" " ind2=" ">
    <subfield code="a">Adjudication process systematicland registration in toulamphil commune, baseth district, kampong speu province, &#x178A;&#x17C6;&#x178E;&#x17BE;&#x179A;&#x1780;&#x17B6;&#x179A;&#x179C;&#x17B7;&#x1793;&#x17B7;&#x1785;&#x17D2;&#x1786;&#x17D0;&#x1799;&#x1780;&#x17D2;&#x1793;&#x17BB;&#x1784;&#x1780;&#x17B6;&#x179A;&#x1785;&#x17BB;&#x17C7;&#x1794;&#x1789;&#x17D2;&#x1787;&#x17B8;&#x178A;&#x17B8;&#x1792;&#x17D2;&#x179B;&#x17B8;&#x1798;&#x17B6;&#x1793;&#x179B;&#x1780;&#x17D2;&#x1781;&#x178E;&#x17C8;&#x1787;&#x17B6;&#x1794;&#x17D2;&#x179A;&#x1796;&#x17D0;&#x1793;&#x17D2;&#x1792;&#x1793;&#x17C5;&#x1783;&#x17BB;&#x17C6;&#x1791;&#x17BD;&#x179B;&#x17A2;&#x17C6;&#x1796;&#x17B7;&#x179B; &#x179F;&#x17D2;&#x179A;&#x17BB;&#x17BB;&#x1780;&#x1794;&#x179F;&#x17C1;&#x178A;&#x17D2;&#x178B; &#x1781;&#x17C1;&#x178F;&#x17D2;&#x178F;&#x1780;&#x17C6;&#x1796;&#x1784;&#x17CB;&#x179F;&#x17D2;&#x1796;&#x17BA;</subfield>
  </datafield>
  <datafield tag="300" ind1=" " ind2=" ">
    <subfield code="a">ix,43p.</subfield>
    <subfield code="b">ill.</subfield>
    <subfield code="c">29cm.</subfield>
  </datafield>
  <datafield tag="942" ind1=" " ind2=" ">
    <subfield code="2">ddc</subfield>
    <subfield code="c">LMA</subfield>
  </datafield>
  <datafield tag="999" ind1=" " ind2=" ">
    <subfield code="c">7481</subfield>
    <subfield code="d">7481</subfield>
  </datafield>
  <datafield tag="952" ind1=" " ind2=" ">
    <subfield code="0">0</subfield>
    <subfield code="1">0</subfield>
    <subfield code="2">ddc</subfield>
    <subfield code="4">0</subfield>
    <subfield code="6">LMA_KRO_2014_000000000000000_B467_OR_1</subfield>
    <subfield code="7">0</subfield>
    <subfield code="9">44372</subfield>
    <subfield code="a">LBB</subfield>
    <subfield code="b">LBB</subfield>
    <subfield code="c">B467</subfield>
    <subfield code="d">2016-03-10</subfield>
    <subfield code="l">3</subfield>
    <subfield code="o">LMA  KRO 2014 B467 Or.1</subfield>
    <subfield code="p">RUA056485</subfield>
    <subfield code="r">2025-08-13</subfield>
    <subfield code="s">2025-07-21</subfield>
    <subfield code="w">2016-03-10</subfield>
    <subfield code="y">LMA</subfield>
  </datafield>
  <datafield tag="952" ind1=" " ind2=" ">
    <subfield code="0">0</subfield>
    <subfield code="1">0</subfield>
    <subfield code="2">ddc</subfield>
    <subfield code="4">0</subfield>
    <subfield code="6">LMA_KRO_2014_000000000000000_B467_OR_2</subfield>
    <subfield code="7">0</subfield>
    <subfield code="9">44373</subfield>
    <subfield code="a">LBB</subfield>
    <subfield code="b">LBB</subfield>
    <subfield code="c">B467</subfield>
    <subfield code="d">2016-03-10</subfield>
    <subfield code="l">1</subfield>
    <subfield code="o">LMA  KRO 2014 B467 Or.2</subfield>
    <subfield code="p">RUA056074</subfield>
    <subfield code="r">2022-11-28</subfield>
    <subfield code="s">2022-11-02</subfield>
    <subfield code="w">2016-03-10</subfield>
    <subfield code="y">LMA</subfield>
  </datafield>
  <datafield tag="952" ind1=" " ind2=" ">
    <subfield code="0">0</subfield>
    <subfield code="1">0</subfield>
    <subfield code="2">ddc</subfield>
    <subfield code="4">0</subfield>
    <subfield code="6">LMA_KRO_2014_000000000000000_B467_OR_3</subfield>
    <subfield code="7">0</subfield>
    <subfield code="9">44374</subfield>
    <subfield code="a">LBB</subfield>
    <subfield code="b">LBB</subfield>
    <subfield code="c">B467</subfield>
    <subfield code="d">2016-03-10</subfield>
    <subfield code="l">7</subfield>
    <subfield code="o">LMA  KRO 2014 B467 Or.3</subfield>
    <subfield code="p">RUA055742</subfield>
    <subfield code="r">2025-02-08</subfield>
    <subfield code="s">2025-01-10</subfield>
    <subfield code="w">2016-03-10</subfield>
    <subfield code="y">LMA</subfield>
  </datafield>
  <datafield tag="952" ind1=" " ind2=" ">
    <subfield code="0">0</subfield>
    <subfield code="1">0</subfield>
    <subfield code="2">ddc</subfield>
    <subfield code="4">0</subfield>
    <subfield code="6">LMA_KRO_2014_000000000000000_B467_OR_4</subfield>
    <subfield code="7">0</subfield>
    <subfield code="9">44375</subfield>
    <subfield code="a">LBB</subfield>
    <subfield code="b">LBB</subfield>
    <subfield code="c">B467</subfield>
    <subfield code="d">2016-03-10</subfield>
    <subfield code="l">3</subfield>
    <subfield code="o">LMA  KRO 2014 B467 Or.4</subfield>
    <subfield code="p">RUA055998</subfield>
    <subfield code="r">2025-07-11</subfield>
    <subfield code="s">2025-06-13</subfield>
    <subfield code="w">2016-03-10</subfield>
    <subfield code="y">LMA</subfield>
  </datafield>
  <datafield tag="952" ind1=" " ind2=" ">
    <subfield code="0">0</subfield>
    <subfield code="1">0</subfield>
    <subfield code="2">ddc</subfield>
    <subfield code="4">0</subfield>
    <subfield code="6">LMA_KRO_2014_000000000000000_B467_OR_5</subfield>
    <subfield code="7">0</subfield>
    <subfield code="9">44376</subfield>
    <subfield code="a">LBB</subfield>
    <subfield code="b">LBB</subfield>
    <subfield code="c">B467</subfield>
    <subfield code="d">2016-03-10</subfield>
    <subfield code="l">3</subfield>
    <subfield code="o">LMA  KRO 2014 B467 Or.5</subfield>
    <subfield code="p">RUA056227</subfield>
    <subfield code="r">2025-07-31</subfield>
    <subfield code="s">2025-07-05</subfield>
    <subfield code="w">2016-03-10</subfield>
    <subfield code="y">LMA</subfield>
  </datafield>
  <datafield tag="952" ind1=" " ind2=" ">
    <subfield code="0">0</subfield>
    <subfield code="1">0</subfield>
    <subfield code="2">ddc</subfield>
    <subfield code="4">0</subfield>
    <subfield code="6">LMA_KRO_2014_000000000000000_B467_OR_6</subfield>
    <subfield code="7">0</subfield>
    <subfield code="9">44377</subfield>
    <subfield code="a">LBB</subfield>
    <subfield code="b">LBB</subfield>
    <subfield code="c">B467</subfield>
    <subfield code="d">2016-03-10</subfield>
    <subfield code="o">LMA  KRO 2014 B467 Or.6</subfield>
    <subfield code="p">RUA055964</subfield>
    <subfield code="r">2016-03-10</subfield>
    <subfield code="w">2016-03-10</subfield>
    <subfield code="y">LMA</subfield>
  </datafield>
  <datafield tag="952" ind1=" " ind2=" ">
    <subfield code="0">0</subfield>
    <subfield code="1">0</subfield>
    <subfield code="2">ddc</subfield>
    <subfield code="4">0</subfield>
    <subfield code="6">LMA_KRO_2014_000000000000000_B467_OR_7</subfield>
    <subfield code="7">0</subfield>
    <subfield code="9">44378</subfield>
    <subfield code="a">LBB</subfield>
    <subfield code="b">LBB</subfield>
    <subfield code="c">B467</subfield>
    <subfield code="d">2016-03-10</subfield>
    <subfield code="l">5</subfield>
    <subfield code="o">LMA  KRO 2014 B467 Or.7</subfield>
    <subfield code="p">RUA055725</subfield>
    <subfield code="r">2024-07-23</subfield>
    <subfield code="s">2024-07-09</subfield>
    <subfield code="w">2016-03-10</subfield>
    <subfield code="y">LMA</subfield>
  </datafield>
  <datafield tag="952" ind1=" " ind2=" ">
    <subfield code="0">0</subfield>
    <subfield code="1">0</subfield>
    <subfield code="2">ddc</subfield>
    <subfield code="4">0</subfield>
    <subfield code="6">LMA_KRO_2014_000000000000000_B467_OR_8</subfield>
    <subfield code="7">0</subfield>
    <subfield code="9">44379</subfield>
    <subfield code="a">LBB</subfield>
    <subfield code="b">LBB</subfield>
    <subfield code="c">B467</subfield>
    <subfield code="d">2016-03-10</subfield>
    <subfield code="l">3</subfield>
    <subfield code="o">LMA  KRO 2014 B467 Or.8</subfield>
    <subfield code="p">RUA055669</subfield>
    <subfield code="r">2025-03-19</subfield>
    <subfield code="s">2024-09-14</subfield>
    <subfield code="w">2016-03-10</subfield>
    <subfield code="y">LMA</subfield>
  </datafield>
</record>
